|
|
|
|
| LEADER |
00000nab a2200000 4500 |
| 008 |
150611b2000 cr f|||| |||| 00| 0 spa d |
| 090 |
|
|
|a REVIS 06.02.01
|
| 100 |
1 |
|
|9 117
|a Hernández Cruz, Omar
|
| 245 |
1 |
0 |
|a Rituales de iniciación escolar. El caso de una escuela caribeña costarricense
|c Omar Hernández Cruz
|
| 260 |
|
|
|a San José, Costa Rica :
|b Editorial Universidad de Costa Rica,
|c 2000
|
| 300 |
|
|
|a páginas 61-76
|
| 520 |
|
|
|a En este artículo se describen e interpretan como rituales de iniciación un conjunto de procesos conducentes al ingreso y permanencia en el sistema escolar de poblaciones infantiles de muy diversos orígenes culturales. Estas experiencias de ingreso y socialización en el sistema escolar fueron abordadas etnográficamente en una escuela de poblado liniero del litoral Caribe costarricense
|
| 650 |
1 |
4 |
|9 1
|a EDUCACIÓN
|
| 942 |
|
|
|h REVIS 06.02.01
|2 z
|c 10
|
| 999 |
|
|
|c 2669
|d 2669
|